| 000 | 01204nam a2200277 4500 | ||
|---|---|---|---|
| 001 | 31610 | ||
| 003 | AR-RoBPED | ||
| 005 | 20250618120723.0 | ||
| 008 | 250618e1996 |||||||er|||| 001 0 spa d | ||
| 020 | _a8480632208 | ||
| 040 | _aAR-RoBPED | ||
| 041 | _aspa | ||
| 100 |
_aCarbonell Sebarroja, Jaume _921293 |
||
| 245 | 1 | 3 |
_aLa escuela: entre la utopia y la realidad : _bdiez temas de Sociología de la Educación / _cJaume Carbonell Sebarroja. |
| 260 |
_aEspaña : _bEumo, _c1996. |
||
| 300 | _a249 p. | ||
| 490 | 0 |
_a(Recursos ; _v15) |
|
| 505 | _aLa infancia ayer y hoy - Funciones sociales de la escuela - Educación y trabajo. De la escuela a la vida activa - Educación ética y calidad de vida - Interculturalismo - Educación sexista y coeducación - Organización del poder e interacción - El fracaso escolar - El maestro y la maestra - Las reformas educativas. | ||
| 650 | 4 |
_aSOCIOLOGIA DE LA EDUCACION _9810 |
|
| 650 | 4 |
_aHISTORIA DE LA EDUCACION _91012 |
|
| 650 | 4 |
_aEDUCACIÓN INTERCULTURAL _929044 |
|
| 650 | 4 |
_aEDUCACION PARA EL TRABAJO _93368 |
|
| 650 | 4 |
_aDOCENTES _9344 |
|
| 942 |
_2udc _ak. 31610 _cBK _h37.015.4 _mCS 26 _ninv. 41873 |
||
| 945 | _amm 18/06/25 - cd 18/06/2025 | ||
| 999 |
_c31610 _d31610 |
||